Most na rýchlostnej ceste – dodatočne predpätá monolitická konštrukcia

Salvato in:
Dettagli Bibliografici
Autore principale: Grman, Vladimír (Autore)
Altri autori: Borzovič, Viktor (Relatore della tesi)
Natura: Manoscritto Libro
Lingua:slovacco
Pubblicazione: 2023
Soggetti:
Accesso online:http://is.stuba.sk/zp/portal_zp.pl?podrobnosti=168557
https://opac.crzp.sk/?fn=detailBiblioForm&sid=C0DEB8E07572332BA9270315805F
Tags: Aggiungi Tag
Nessun Tag, puoi essere il primo ad aggiungerne!!

MARC

LEADER 00000ntm a22000003a 4500
001 stuzp93364
003 SK-STU
005 20230918152954.9
007 ta
008 150427s2015----xo-----f-mn---000-0-slo-d
040 |a STU  |b slo 
041 0 |a slo 
100 1 |a Grman, Vladimír  |u 010110  |4 aut  |U SvF Stavebná fakulta  |T SvF Katedra betónových konštrukcií a mostov  |X 93100  |U V110  |Y 11  |7 93100 
242 0 1 |a Bridge on expressway - posttensioned concrete structure  |y eng 
245 1 0 |a Most na rýchlostnej ceste – dodatočne predpätá monolitická konštrukcia 
260 |c 2023 
650 4 |a predpätý betónový most  |2 slo 
650 4 |a letmá betonáž  |2 slo 
650 4 |a cestný most  |2 slo 
650 4 |a balanced cantilever method  |2 eng 
650 4 |a motorway bridge  |2 eng 
650 4 |a prestressed concrete bridge  |2 eng 
700 1 |a Borzovič, Viktor  |u 010110  |k Z1  |4 ths  |U SvF Stavebná fakulta  |T SvF Katedra betónových konštrukcií a mostov  |X 3688  |U V110  |Y 11  |7 A000003688 
856 4 |u http://is.stuba.sk/zp/portal_zp.pl?podrobnosti=168557 
856 4 |u https://opac.crzp.sk/?fn=detailBiblioForm&sid=C0DEB8E07572332BA9270315805F